000 00300nam a22001337a 4500
008 170412b xxu||||| |||| 00| 0 eng d
020 _a12166752
041 _aeng
080 _23 ED
_a618
100 _a10
101 _aSHM
245 _aTHE MEDICAL MANAGEMENTOF AIDS
_cSANDE.M.A
942 _2udc
_cBK
999 _c10541
_d10541